Diseño de una articulación de hombro para exoesqueleto por medio de mecanismos flexibles
Uloženo v:
| Hlavní autor: | |
|---|---|
| Další autoři: | |
| Médium: | Kniha |
| Jazyk: | Spanish |
| Vydáno: |
[San José, Costa Rica]
2023
|
| Témata: | |
| Tagy: |
Přidat tag
Žádné tagy, Buďte první, kdo vytvoří štítek k tomuto záznamu!
|
MARC
| LEADER | 00000nam a2200000Ia 4500 | ||
|---|---|---|---|
| 003 | 013629 | ||
| 005 | 20230420112213.0 | ||
| 008 | 140116s2023 cr a 000 ||spa d | ||
| 040 | |c cru CEDI | ||
| 100 | |a Arroyo Montes de Oca, Pablo Andrés, 1997- |9 112 | ||
| 245 | |a Diseño de una articulación de hombro para exoesqueleto por medio de mecanismos flexibles | ||
| 260 | |a [San José, Costa Rica] |c 2023 | ||
| 500 | |a Proyecto de graduación (licenciatura en ingeniería mecánica) --Universidad de Costa Rica. Facultad de Ingeniería. Escuela de Ingeniería Mecánica | ||
| 501 | |a Director del Proyecto de Graduación: Msc. Gabriel Monge Gapper | ||
| 650 | |x MOVIMIENTOS MECANICOS |x CINEMATICA DE LAS MAQUINAS |x DISEÑO DE MAQUINAS |x MEDIDAS DE SEGURIDAD |x APLICACIONES INDUSTRIALES |x SEGURIDAD INDUSTRIAL | ||
| 700 | |9 113 |a Monge Gapper, Gabriel, 1977- |d Director del TFG | ||
| 942 | |c CEDI |h TFG 8770 |6 TFG_8770_000000000000000 | ||
| 999 | |c 13360 |d 13360 | ||
